| 000 | 02864nam a2200625 c 4500 | ||
|---|---|---|---|
| 001 | 1947598686 | ||
| 003 | DE-627 | ||
| 005 | 20260324172016.0 | ||
| 007 | cr uuu---uuuuu | ||
| 008 | 251226s2024 gw |||||o 00| ||ger c | ||
| 020 |
_a9783646733952 _cEPUB |
||
| 024 | 7 |
_aurn:nbn:de:gbv:18-epflicht-303068 _2urn |
|
| 035 | _a(DE-627)1947598686 | ||
| 035 | _a(DE-599)KEP122305132 | ||
| 035 | _a(EPFHH-CARLSEN)9783646733952_9783646733952 | ||
| 035 | _a(EPFHH)3654c188-379e-49bc-96d1-794c3adb218c | ||
| 035 | _a(DE-627-1)122305132 | ||
| 040 |
_aDE-627 _bger _cDE-627 _erda |
||
| 041 |
_ager _hjpn |
||
| 044 | _cXA-DE-HH | ||
| 072 | 7 |
_a9182 _2wsb |
|
| 082 | 0 | 4 |
_a741.5 _qDE-576 |
| 245 | 0 | 0 |
_aI Didn't Mean to Fall in Love – double _bFortsetzung des erotischen Yaoi-Einzelbands ab 18 über große Gefühle _cMinta Suzumaru, Diana Hesse |
| 250 | _a1. Auflage | ||
| 264 | 1 |
_aHamburg _bHayabusa _c2024 |
|
| 300 |
_a1 Online-Ressource (180 S.) _bIllustrationen |
||
| 336 |
_aText _btxt _2rdacontent |
||
| 337 |
_aComputermedien _bc _2rdamedia |
||
| 338 |
_aOnline-Ressource _bcr _2rdacarrier |
||
| 520 | _aFortsetzung des erotischen Boys-Love-Einzelbands von der beliebten Mangaka Minta Suzumaru! Yoshino und Rou haben sich in ihrer Beziehung eingerichtet und leben zufrieden ihren gemeinsamen Alltag. Doch dieser wandelt sich, als Rou das Studium abschließt und ebenfalls ein Teil der arbeitenden Bevölkerung wird. Er ist frustriert, dass er nicht mehr so viel Zeit mit Yoshino verbringen kann, der sich wiederum zunehmend Sorgen um seinen Partner macht... - Spice-Level: 2 von 5 Chilis. In diesem Boys-Love-Titel stehen die Gefühle im Mittelpunkt. Mit einzelnen expliziten Szenen. - Fortsetzung von I DIDN'T MEAN TO FALL IN LOVE Voller Drama und Leidenschaft – ein Muss für alle Fans von romantischen Boys-Love-Mangas. | ||
| 583 | 1 |
_aArchivierung/Langzeitarchivierung gewährleistet _fPEHH _kDE-576 _2pdager _5DE-18 |
|
| 650 | 4 | _aspätes coming out buch manga | |
| 650 | 4 | _abl manga einzelband | |
| 650 | 4 | _ayaoi manga 18 | |
| 650 | 4 | _aboys love mangas boys liebe | |
| 650 | 4 | _aboys love manga ab 18 | |
| 650 | 4 | _ahayabusa manga ab 18 | |
| 650 | 4 | _ahayabusa manga für erwachsene | |
| 650 | 4 | _amanhwa yaoi | |
| 650 | 4 | _agay manga | |
| 650 | 4 | _aschwule liebe | |
| 650 | 4 | _asmut bücher | |
| 650 | 4 | _aschwule liebesromane | |
| 650 | 4 | _aromance manga ab 18 | |
| 650 | 4 | _aerotik manga | |
| 650 | 4 | _ahomosexuelle liebesromane | |
| 650 | 4 | _ajapanische leserichtung | |
| 700 | 1 |
_aSuzumaru, Minta _eVerfasserIn _4aut |
|
| 700 | 1 |
_aHesse, Diana _eÜbersetzerIn _4trl |
|
| 776 | 1 | _z9783551624826 | |
| 776 | 0 | 8 |
_iErscheint auch als _nDruck-Ausgabe _z9783551624826 |
| 856 | 4 | 0 |
_uhttps://nbn-resolving.org/urn:nbn:de:gbv:18-epflicht-303068 _mX:EPF _zlizenzpflichtig _71 |
| 942 |
_2ddc _cMGA _n0 |
||
| 951 | _aBO | ||
| 999 |
_c1548 _d1548 |
||